La danza del crepúsculo : (Registro nro. 8985)
[ vista simple ]
| 000 -LIDER | |
|---|---|
| fixed length control field | 00794nam a22002657a 4500 |
| 001 - NÚMERO DE CONTROL | |
| Identificador de número de control | 00260 |
| 003 - IDENTIFICACDOR DE NÚMERO DE CONTROL | |
| control field | DO-SdBNP |
| 005 - DATE AND TIME OF LATEST TRANSACTION | |
| control field | 20180320154406.0 |
| 008 - ELEMENTOS DE LONGITUD FIJA | |
| fixed length control field | 151201b 2005 dr xxu||||| |||| 00| 0 spa d |
| 020 ## - ISBN | |
| International Standard Book Number | 9993479675 |
| 040 ## - FUENTE DE CATALOGACIÓN | |
| Agencia que crea de manera original el registro | BPMSU |
| Idioma de catalogación | spa |
| Agencia que realiza la transcripción | BPMSU |
| 082 ## - NÚMERO DE CLASIFICACIÓN DECIMAL DE DEWEY | |
| Classification number | RD862.44 |
| Item number | V161d |
| 100 1# - ASIENTO PRINCIPAL -- NOMBRE PERSONAL | |
| Nombre personal | Valenzuela, Ángelo |
| 245 13 - MENCIÓN DE TITULO | |
| Título | La danza del crepúsculo : |
| Subtítulo | drama / |
| Mención de responsabilidad | Ángelo Valenzuela. |
| 260 0# - PUBLICACIÓN, DISTRIBUCIÓN, ETC. (PIE DE IMPRENTA) | |
| Lugar de publicación, distribución, etc | Santo Domingo : |
| Nombre del editor, distribuidor, etc. | Perla, |
| Fecha de publicación, distribución, etc | 2005 |
| 300 ## - DESCRIPCIÓN FÍSICA | |
| Extensión | 37 p. ; |
| Dimensiones | 22 cm. |
| 500 ## - NOTA GENERAL | |
| Nota general | Incluye datos del autor en la solapa de la cubierta. |
| 650 #4 - ENCABEZAMIENTO DE MATERIA--TEMÁTICO | |
| Término de relación | DRAMA DOMINICANO |
| 650 #4 - ENCABEZAMIENTO DE MATERIA--TEMÁTICO | |
| Término temático o nombre geográfico como elemento de entrada | TEATRO DOMINICANO |
| 650 #4 - ENCABEZAMIENTO DE MATERIA--TEMÁTICO | |
| Término temático o nombre geográfico como elemento de entrada | LITERATURA DOMINICANA |
| 910 ## - VALIDACIÓN | |
| Validación | Validado. Control de calidad MFF |
| 942 ## - ADDED ENTRY ELEMENTS (KOHA) | |
| Source of classification or shelving scheme | Dewey Decimal Classification |
| Koha item type | Libros |
| 945 ## - INFORMACIÓN DE PROCESAMIENTO LOCAL | |
| Información de procesamiento local | Remanejado para la BNPHU / VM |
| 956 ## - LOCAL ELECTRONIC LOCATION AND ACCESS (OCLC) | |
| Nombre de host | Lorenza Pérez |
| Número de acceso | 10 |
| Withdrawn status | Lost status | Source of classification or shelving scheme | Damaged status | Not for loan | Collection code | Home library | Current library | Date acquired | Source of acquisition | Total Checkouts | Full call number | Barcode | Date last seen | Price effective from | Koha item type | Copy number |
|---|---|---|---|---|---|---|---|---|---|---|---|---|---|---|---|---|
| Dewey Decimal Classification | Colección Dominicana | Biblioteca Pública Metropolitana Salomé Ureña | Biblioteca Pública Metropolitana Salomé Ureña | 12/01/2015 | Donación | RD862.44 V161d | BPMSU15120020 | 12/01/2015 | 12/01/2015 | Libros | ||||||
| Dewey Decimal Classification | Colección Dominicana | Biblioteca Pública Metropolitana Salomé Ureña | Biblioteca Pública Metropolitana Salomé Ureña | 12/17/2015 | Donación | RD862.44 V161d | BPMSU15120177 | 12/17/2015 | 12/17/2015 | Libros | e. 2 |